|
|
|
|
| LEADER |
01241nam a22002177a 4500 |
| 001 |
31345 |
| 003 |
BD-DhAAL |
| 008 |
171128t2014 bg a|||| ||||f00| 0 eng d |
| 999 |
|
|
|c 38663
|d 38663
|
| 082 |
|
|
|2 21
|a 362.73095492
|
| 245 |
|
|
|a Modalities for a dedicated research and development fund for wash sector 2014
|
| 260 |
|
|
|a Dhaka :
|b Local Government Division, Ministry of Local Government, Rural Development and Cooperatives, Government of the People's Republic of Bangladesh,
|c 2014
|
| 300 |
|
|
|a xi, 55 pages :
|b illustrations ;
|c 28 cm.
|
| 526 |
|
|
|a AAL
|
| 541 |
|
|
|a Complementary copy
|e 31345
|
| 650 |
|
|
|a Water-Supply
|x Sanitation
|z Bangladesh.
|9 24040
|
| 710 |
|
|
|a Government of the People's Republic of Bangladesh
|b Local Government Division, Ministry of Local Government, Rural Development and Cooperatives
|9 24047
|
| 852 |
|
|
|a Ayesha Abed Library
|
| 942 |
|
|
|2 ddc
|c BK
|
| 952 |
|
|
|0 0
|1 0
|2 ddc
|4 0
|6 362_730954920000000_MOD
|7 0
|9 62031
|a BRACUL
|b BRACUL
|c GEN
|d 2017-11-28
|e Complementary copy
|l 0
|o 362.73095492 MOD
|p 3010031345
|r 2017-11-28
|t 1
|w 2017-11-28
|y BK
|
| 952 |
|
|
|0 0
|1 4
|2 ddc
|4 0
|6 362_730954920000000_MOD
|7 0
|9 62033
|a BRACUL
|b BRACUL
|c GEN
|d 2017-11-28
|e Complementary copy
|l 0
|o 362.73095492 MOD
|p 3010031346
|r 2017-11-28
|t 2
|w 2017-11-28
|y BK
|x Koha Inventory 2020
|